LIBRARY & INFORMATION CENTRE, KCAET, TAVANUR

ONLINE PUBLIC ACCESS CATALOGUE (OPAC)

About India / (Record no. 6576)

MARC details
000 -LEADER
fixed length control field 00979cam a2200181ua 4500
041 ## - LANGUAGE CODE
Language code of text/sound track or separate title eng
082 ## - DEWEY DECIMAL CLASSIFICATION NUMBER
Classification number 954
Item number MIN/AB
245 ## - TITLE STATEMENT
Title About India /
250 ## - EDITION STATEMENT
Edition statement 1 /
260 ## - PUBLICATION, DISTRIBUTION, ETC. (IMPRINT)
Place of publication India :
Name of publisher Ministry of I&B, Govt. of India ,
Year of publication 1958.
300 ## - PHYSICAL DESCRIPTION
Number of Pages 160 ; .
942 ## - ADDED ENTRY ELEMENTS (KOHA)
Koha item type Books
Holdings
Withdrawn status Lost status Damaged status Home library Current library Date acquired Full call number Accession Number Koha item type Cost, normal purchase price
Withdrawn   Damaged KAUAET KAUAET 07/11/2019 954 MIN/AB 2633 Books 7.00
Withdrawn     KAUAET Sanskrit University 07/04/2012 954 2632 Books  
free website counter